The Genesis of Animal Play (Record no. 13782)

MARC details
000 -LEADER
fixed length control field 00391nam a2200133Ia 4500
008 - FIXED-LENGTH DATA ELEMENTS--GENERAL INFORMATION
fixed length control field 220615s9999||||xx |||||||||||||| ||und||
020 ## - INTERNATIONAL STANDARD BOOK NUMBER
International Standard Book Number 9780260000000
100 ## - MAIN ENTRY--PERSONAL NAME
Personal name Burghardt, Gordon M.
245 #4 - TITLE STATEMENT
Title The Genesis of Animal Play
Remainder of title Testing the Limits
546 ## - LANGUAGE NOTE
Language note English[eng]
650 ## - SUBJECT ADDED ENTRY--TOPICAL TERM
Topical term or geographic name entry element Cognition and cognitive psychology
856 ## - ELECTRONIC LOCATION AND ACCESS
Uniform Resource Identifier <a href="http://mitpress.mit.edu/9780262025430">http://mitpress.mit.edu/9780262025430</a>
942 ## - ADDED ENTRY ELEMENTS (KOHA)
Koha item type E-Books
Holdings
Withdrawn status Lost status Damaged status Not for loan Home library Current library Date acquired Total Checkouts Date last seen Price effective from Koha item type
        Kerala University of Digital Sciences, Innovation and Technology Knowledge Centre Kerala University of Digital Sciences, Innovation and Technology Knowledge Centre 15/06/2022   15/06/2022 15/06/2022 E-Books